Tous les joueurs ayant remporté la Ligue des Champions - Statistiques

Statistiques générales
  • Ce quiz a été pris 1 308 fois
    1 297 depuis la dernière actualisation
  • Le résultat moyen est 284 sur 720
Statistiques - réponses
Hint Hint Réponse % Correct
Manchester United A Cristiano Ronaldo
94%
Real Madrid A Cristiano Ronaldo
94%
Real Madrid A Cristiano Ronaldo
94%
Real Madrid A Cristiano Ronaldo
94%
Real Madrid A Cristiano Ronaldo
94%
FC Barcelone A Lionel Messi
91%
FC Barcelone A Lionel Messi
91%
FC Barcelone A Lionel Messi
91%
FC Barcelone A Lionel Messi
91%
Real Madrid A Karim Benzema
88%
Real Madrid A Karim Benzema
88%
Real Madrid A Karim Benzema
88%
Real Madrid A Karim Benzema
88%
Real Madrid A Karim Benzema
88%
Manchester City A Erling Haaland
86%
Real Madrid M Luka Modric
86%
Real Madrid M Luka Modric
86%
Real Madrid M Luka Modric
86%
Real Madrid M Luka Modric
86%
Real Madrid M Luka Modric
86%
Bayern Munich M Toni Kroos
84%
Real Madrid M Toni Kroos
84%
Real Madrid M Toni Kroos
84%
Real Madrid M Toni Kroos
84%
Real Madrid M Toni Kroos
84%
Real Madrid G Thibaut Courtois
83%
FC Barcelone A Neymar
82%
FC Barcelone M Andrés Iniesta
81%
FC Barcelone M Andrés Iniesta
81%
FC Barcelone M Andrés Iniesta
81%
FC Barcelone M Andrés Iniesta
81%
Bayern Munich G Manuel Neuer
81%
Bayern Munich G Manuel Neuer
81%
Real Madrid D Sergio Ramos
81%
Real Madrid D Sergio Ramos
81%
Real Madrid D Sergio Ramos
81%
Real Madrid D Sergio Ramos
81%
Manchester City M Bernardo Silva
80%
Real Madrid G Luca Zidane
80%
Liverpool FC A Mohamed Salah
80%
FC Barcelone M Xavi
80%
FC Barcelone M Xavi
80%
FC Barcelone M Xavi
80%
FC Barcelone M Xavi
80%
Real Madrid M Zinédine Zidane
80%
Manchester City G Ederson
79%
Manchester City M Kevin De Bruyne
79%
Manchester City M Rodri
79%
Chelsea FC D Thiago Silva
79%
Real Madrid D Dani Carvajal
78%
Real Madrid D Dani Carvajal
78%
Real Madrid D Dani Carvajal
78%
Real Madrid D Dani Carvajal
78%
Real Madrid D Dani Carvajal
78%
Bayern Munich A Robert Lewandowski
78%
Liverpool FC A Sadio Mané
78%
Real Madrid A Vinicius
78%
FC Barcelone A Jeffren Suarez
77%
Real Madrid G Kiko Casilla
77%
Real Madrid G Kiko Casilla
77%
Real Madrid G Kiko Casilla
77%
FC Barcelone A Luis Suarez
77%
FC Porto D Mario Silva
77%
Bayern Munich G Oliver Kahn
77%
OM M Didier Deschamps
76%
Juventus Turin M Didier Deschamps
76%
Real Madrid M Gareth Bale
76%
Real Madrid M Gareth Bale
76%
Real Madrid A Gareth Bale
76%
Real Madrid A Gareth Bale
76%
Real Madrid A Gareth Bale
76%
Chelsea FC A Didier Drogba
74%
Chelsea FC G Edouard Mendy
74%
Real Madrid D Ferland Mendy
74%
Manchester United D Gerard Piqué
74%
FC Barcelone D Gerard Piqué
74%
FC Barcelone D Gerard Piqué
74%
FC Barcelone D Gerard Piqué
74%
Real Madrid D Marcelo
74%
Real Madrid D Marcelo
74%
Real Madrid D Marcelo
74%
Real Madrid D Marcelo
74%
Real Madrid D Marcelo
74%
Bayern Munich D Philipp Lahm
74%
Bayern Munich A Thomas Müller
74%
Bayern Munich A Thomas Müller
74%
Liverpool FC G Alisson
73%
Real Madrid D Raphaël Varane
73%
Real Madrid D Raphaël Varane
73%
Real Madrid D Raphaël Varane
73%
Real Madrid D Raphaël Varane
73%
FC Barcelone M Ronaldinho
73%
Bayern Munich M Arjen Robben
72%
Real Madrid M Casemiro
72%
Real Madrid M Casemiro
72%
Real Madrid M Casemiro
72%
Real Madrid M Casemiro
72%
Real Madrid M Casemiro
72%
Bayern Munich M Emre Can
72%
AC Milan D Paolo Maldini
72%
AC Milan D Paolo Maldini
72%
AC Milan D Paolo Maldini
72%
FC Barcelone M Sergio Busquets
72%
FC Barcelone M Sergio Busquets
72%
FC Barcelone M Sergio Busquets
72%
AC Milan D Stefano Nava
72%
FC Barcelone D Carles Puyol
71%
FC Barcelone D Carles Puyol
71%
FC Barcelone D Carles Puyol
71%
OM G Fabien Barthez
71%
Bayern Munich M Franck Ribéry
71%
Real Madrid D Pepe
71%
Real Madrid D Pepe
71%
Real Madrid D Pepe
71%
Real Madrid A Rodrygo
71%
Manchester City D Ruben Dias
71%
Real Madrid A Samuel Eto'o
71%
FC Barcelone A Samuel Eto'o
71%
FC Barcelone A Samuel Eto'o
71%
Inter Milan A Samuel Eto'o
71%
FC Barcelone A Thierry Henry
71%
Bayern Munich A Kingsley Coman
70%
Manchester City M Phil Foden
70%
Liverpool FC A Roberto Firmino
70%
Liverpool FC D Virgil Van Dijk
70%
FC Barcelone G Marc-André Ter Stegen
69%
FC Barcelone D Dani Alves
68%
FC Barcelone D Dani Alves
68%
FC Barcelone D Dani Alves
68%
Manchester City D Kyle Walker
68%
FC Barcelone G Victor Valdés
68%
FC Barcelone G Victor Valdés
68%
FC Barcelone G Victor Valdés
68%
Chelsea FC M N’Golo Kanté
67%
Manchester United A Wayne Rooney
67%
OM D Basile Boli
66%
Bayern Munich D David Alaba
66%
Bayern Munich D David Alaba
66%
Real Madrid D David Alaba
66%
Real Madrid G Iker Casillas
66%
Real Madrid G Iker Casillas
66%
Real Madrid G Iker Casillas
66%
Bayern Munich M Joshua Kimmich
66%
AC Milan A Kaka
66%
Chelsea FC D Antonio Rudiger
65%
Chelsea FC M Kai Havertz
65%
Real Madrid G Keylor Navas
65%
Real Madrid G Keylor Navas
65%
Real Madrid G Keylor Navas
65%
Liverpool FC M Steven Gerrard
65%
Liverpool FC D Trent Alexander-Arnold
65%
AC Milan G Dida
63%
AC Milan G Dida
63%
Chelsea FC M Frank Lampard
63%
Manchester City M Jack Grealish
63%
Liverpool FC D Andrew Robertson
62%
Real Madrid M Angel Di Maria
62%
Real Madrid M Eduardo Camavinga
62%
AC Milan A Jean-Pierre Papin
62%
FC Barcelone D Jordi Alba
62%
Bayern Munich D Lucas Hernandez
62%
Ajax Amsterdam G Edwin van der Sar
61%
Manchester United G Edwin van der Sar
61%
Liverpool FC D Joe Gomez
61%
Manchester City A Julian Alvarez
61%
Bayern Munich A Mario Gomez
61%
FC Barcelone M Pedro
61%
FC Barcelone A Pedro
61%
FC Barcelone A Pedro
61%
Manchester City M Sergio Gomez
61%
Real Madrid D Théo Hernandez
61%
Liverpool FC M Xabi Alonso
61%
Manchester United M David Beckham
60%
Bayern Munich D Jérôme Boateng
60%
Bayern Munich D Jérôme Boateng
60%
Real Madrid A Raul
60%
Real Madrid A Raul
60%
Real Madrid A Raul
60%
Real Madrid D Roberto Carlos
60%
Real Madrid D Roberto Carlos
60%
Real Madrid D Roberto Carlos
60%
Manchester City D John Stones
59%
Chelsea FC G Petr Cech
59%
Manchester City A Riyad Mahrez
59%
AC Milan M Andrea Pirlo
58%
AC Milan M Andrea Pirlo
58%
FC Barcelone A David Villa
58%
Ajax Amsterdam D Franck de Boer
58%
Manchester City M Ilkay Gundogan
58%
Real Madrid M Isco
58%
Real Madrid M Isco
58%
Real Madrid M Isco
58%
Real Madrid M Isco
58%
Real Madrid M Isco
58%
Real Madrid A Mariano Diaz
58%
Real Madrid A Mariano Diaz
58%
Real Madrid D Nacho
58%
Real Madrid D Nacho
58%
Real Madrid D Nacho
58%
Real Madrid D Nacho
58%
Real Madrid D Nacho
58%
Ajax Amsterdam A Ronald de Boer
58%
Bayern Munich A Serge Gnabry
58%
Real Madrid M Xabi Alonso
58%
AC Milan D Alessandro Nesta
57%
AC Milan D Alessandro Nesta
57%
Real Madrid D Eder Militao
57%
Liverpool FC M Jordan Henderson
57%
OM D Marcel Desailly
57%
AC Milan D Marcel Desailly
57%
Real Madrid M Marco Asensio
57%
Real Madrid M Marco Asensio
57%
Real Madrid A Marco Asensio
57%
Manchester United D Patrice Evra
57%
Manchester United D Rio Ferdinand
57%
Real Madrid G Andriy Lunin
56%
Real Madrid A Eden Hazard
56%
AC Milan A Filippo Inzaghi
56%
AC Milan A Filippo Inzaghi
56%
Bayern Munich M Leon Goretzka
56%
Real Madrid M Luis Figo
56%
Chelsea FC D Marcos Alonso
56%
Manchester City D Nathan Aké
56%
Manchester United M Paul Scholes
56%
Manchester United M Paul Scholes
56%
Manchester United M Ryan Giggs
56%
Manchester United M Ryan Giggs
56%
FC Porto M Deco
55%
FC Barcelone M Deco
55%
Inter Milan A Diego Milito
55%
Liverpool FC A Divock Origi
55%
FC Barcelone D Gabriel Milito
55%
FC Barcelone D Gabriel Milito
55%
FC Barcelone M Ivan Rakitic
55%
Chelsea FC D John Terry
55%
Ajax Amsterdam M Clarence Seedorf
54%
Real Madrid M Clarence Seedorf
54%
Real Madrid M Clarence Seedorf
54%
AC Milan M Clarence Seedorf
54%
AC Milan M Clarence Seedorf
54%
Liverpool FC D Joël Matip
54%
Chelsea FC A Olivier Giroud
54%
Bayern Munich D Benjamin Pavard
53%
Liverpool FC M Fabinho
53%
Real Madrid M Federico Valverde
53%
Chelsea FC A Fernando Torres
53%
Chelsea FC D Reece James
53%
Manchester United A Andy Cole
52%
Chelsea FC D Ashley Cole
52%
FC Barcelone D Eric Abidal
52%
FC Barcelone D Eric Abidal
52%
Inter Milan D Javier Zanetti
52%
Manchester United D Nemanja Vidic
52%
Bayern Munich M Thiago Alcantara
52%
Chelsea FC D César Azpilicueta
51%
Chelsea FC M Jorginho
51%
Real Madrid A Nicolas Anelka
51%
Chelsea FC A Timo Werner
51%
Bayern Munich D Alphonso Davies
50%
AC Milan M Gennaro Gattuso
50%
AC Milan M Gennaro Gattuso
50%
FC Porto D Jorge Costa
50%
Real Madrid M Mateo Kovacic
50%
Real Madrid M Mateo Kovacic
50%
Real Madrid M Mateo Kovacic
50%
Chelsea FC M Mateo Kovacic
50%
AC Milan M Rui Costa
50%
Inter Milan M Wesley Sneijder
50%
AC Milan D Cafu
49%
FC Barcelone D Jérémy Mathieu
49%
Manchester City D Joao Cancelo
49%
FC Porto D Ricardo Costa
49%
Juventus Turin A Alessandro Del Piero
48%
Real Madrid A Alvaro Morata
48%
Real Madrid A Alvaro Morata
48%
Real Madrid M Claude Makélélé
48%
Chelsea FC D David Luiz
48%
FC Barcelone M Javier Mascherano
48%
FC Barcelone M Javier Mascherano
48%
Borussia Dortmund D Julio César
48%
Inter Milan G Julio César
48%
Real Madrid A Lucas Vazquez
48%
Real Madrid A Lucas Vazquez
48%
Real Madrid A Lucas Vazquez
48%
Chelsea FC M Mason Mount
48%
AC Milan A Rivaldo
48%
FC Barcelone M Yaya Touré
48%
AC Milan A Andriy Schevchenko
47%
Real Madrid G César Sanchez
47%
Liverpool FC A Djibril Cissé
47%
Liverpool FC M James Milner
47%
Liverpool FC M Naby Keïta
47%
Manchester United M Nani
47%
FC Barcelone M Seydou Keita
47%
FC Barcelone M Seydou Keita
47%
FC Barcelone D Victor Sanchez
47%
Chelsea FC D Alex
45%
Bayern Munich D Bixente Lizarazu
45%
Real Madrid D Fabio Coentrao
45%
Real Madrid D Fabio Coentrao
45%
Manchester United D Gary Neville
45%
Manchester United D Gary Neville
45%
Liverpool FC M Georginio Wijnaldum
45%
Chelsea FC M Michael Essien
45%
Manchester United D Phil Neville
45%
Real Madrid M Sami Khedira
45%
FC Barcelone M Sergi Roberto
45%
Manchester City G Stefan Ortega
45%
Real Madrid M Zé Roberto
45%
OM M Abedi Pelé
44%
Manchester United A Carlos Tévez
44%
Bayern Munich A Mario Mandzukic
44%
FC Barcelone G Claudio Bravo
43%
Manchester City M Cole Palmer
43%
Real Madrid M Dani Ceballos
43%
Real Madrid M Dani Ceballos
43%
Real Madrid D Fernando Hierro
43%
Real Madrid D Fernando Hierro
43%
Real Madrid D Fernando Hierro
43%
Chelsea FC M Florent Malouda
43%
Bayern Munich M Javi Martinez
43%
Bayern Munich M Javi Martinez
43%
Manchester United M Michael Carrick
43%
Inter Milan M Patrick Vieira
43%
Bayern Munich M Philippe Coutinho
43%
Chelsea FC D Gary Cahill
42%
Real Madrid M James Rodriguez
42%
Real Madrid M James Rodriguez
42%
FC Barcelone M Ludovic Giuly
42%
Manchester City D Aymeric Laporte
41%
Bayern Munich M Corentin Tolisso
41%
OM D Eric Di Meco
41%
Chelsea FC G Kepa Arrizabalaga
41%
Manchester City D Manuel Akanji
41%
Bayern Munich D Niklas Süle
41%
OM A Rudi Völler
41%
Borussia Dortmund G Stefan Klos
41%
Bayern Munich G Sven Ulreich
41%
FC Barcelone D Adriano
40%
FC Barcelone D Adriano
40%
Real Madrid G Diego Lopez
40%
Real Madrid A Fernando Morientes
40%
Real Madrid A Fernando Morientes
40%
Real Madrid A Fernando Morientes
40%
Real Madrid M Guti
40%
Real Madrid M Guti
40%
Real Madrid M Guti
40%
Inter Milan D Maicon
40%
Real Madrid D Achraf Hakimi
39%
Real Madrid D Alvaro Arbeloa
39%
Real Madrid D Alvaro Arbeloa
39%
Inter Milan D Lucio
39%
FC Barcelone A Maxi Lopez
39%
Bayern Munich D Patrick Andersson
39%
Ajax Amsterdam A Patrick Kluivert
39%
FC Porto D Ricardo Carvalho
39%
Manchester United M Anderson
38%
Inter Milan M Esteban Cambiasso
38%
AC Milan D Franco Baresi
38%
Real Madrid A Jesé
38%
Real Madrid A Jesé
38%
FC Barcelone G José Manuel Pinto
38%
FC Barcelone G José Manuel Pinto
38%
Chelsea FC D Branislav Ivanovic
37%
Bayern Munich D Dante
37%
Liverpool FC G Jerzy Dudek
37%
Inter Milan D Marco Materazzi
37%
Bayern Munich D Rafinha
37%
FC Barcelone M Rafinha
37%
Chelsea FC D Ben Chilwell
36%
Liverpool FC M Luis Garcia
36%
Inter Milan A Mario Balotelli
36%
FC Barcelone D Rafael Marquez
36%
FC Barcelone D Rafael Marquez
36%
Liverpool FC M Alex Oxlade-Chamberlain
35%
Bayern Munich M Bastian Schweinsteiger
35%
Real Madrid M Christian Karembeu
35%
Real Madrid M Christian Karembeu
35%
Real Madrid A Dani Garcia
35%
Ajax Amsterdam M Edgar Davids
35%
Ajax Amsterdam M Franck Rijkaard
35%
Bayern Munich A Ivan Perisic
35%
Chelsea FC M Juan Mata
35%
Borussia Dortmund D Matthias Sammer
35%
Chelsea FC M Ramires
35%
Chelsea FC A Salomon Kalou
35%
Liverpool FC D Jamie Carragher
34%
Real Madrid G Jesus Fernandez
34%
Real Madrid D Jesus Vallejo
34%
Real Madrid D Jesus Vallejo
34%
Chelsea FC M John Obi Mikel
34%
Manchester United G Peter Schmeichel
34%
Liverpool FC G Scott Carson
34%
Manchester City G Scott Carson
34%
Inter Milan D Walter Samuel
34%
FC Porto D Bosingwa
33%
Chelsea FC A Christian Pulisic
33%
OM M Franck Sauzée
33%
Inter Milan A Goran Pandev
33%
Manchester United D Jaap Stam
33%
Chelsea FC D José Bosingwa
33%
OM G Pascal Olmeta
33%
OM M Rafael Martin Vasquez
33%
Manchester City D Rico Lewis
33%
Manchester United M Roy Keane
33%
FC Barcelone M Thiago Motta
33%
Inter Milan M Thiago Motta
33%
Bayern Munich D Willy Sagnol
33%
Bayern Munich M Xherdan Shaqiri
33%
Liverpool FC M Xherdan Shaqiri
33%
Liverpool FC D Dejan Lovren
32%
Liverpool FC D Djimi Traoré
32%
Manchester United A Louis Saha
32%
Chelsea FC A Daniel Sturridge
31%
Liverpool FC A Daniel Sturridge
31%
Chelsea FC M Hakim Ziyech
31%
FC Barcelone M Mark von Bommel
31%
Manchester United A Ole Gunnar Solskjaer
31%
FC Barcelone D Scherrer Maxwell
31%
Chelsea FC D Kurt Zouma
30%
Real Madrid A Luka Jovic
30%
Inter Milan M Ricardo Quaresma
30%
Inter Milan D Christian Chivu
29%
Bayern Munich D Daniel Van Buyten
29%
Manchester United D Henning Berg
29%
Manchester City M Kalvin Philips
29%
Real Madrid D Michel Salgado
29%
Real Madrid D Michel Salgado
29%
Manchester United M Park Ji-Sung
29%
Liverpool FC G Simon Mignolet
29%
Chelsea FC D Andreas Christensen
28%
Real Madrid M Asier Illarramendi
28%
Real Madrid D Danilo
28%
Real Madrid D Danilo
28%
Manchester United M Darren Fletcher
28%
FC Barcelone A Henrik Larsson
28%
Manchester United D John O'Shea
28%
OM D Manuel Amoros
28%
FC Barcelone D Sylvinho
28%
FC Barcelone D Sylvinho
28%
Chelsea FC A Tammy Abraham
28%
Chelsea FC G Willy Caballero
28%
Juventus Turin M Antonio Conte
27%
Bayern Munich M Luiz Gustavo
27%
FC Porto M Maniche
27%
FC Barcelone D Marc Bartra
27%
FC Porto A Marco Ferreira
27%
Ajax Amsterdam A Marc Overmars
27%
FC Porto D Paulo Ferreira
27%
Chelsea FC D Paulo Ferreira
27%
Chelsea FC M Raul Meireles
27%
Chelsea FC D Ryan Bertrand
27%
Manchester United D Wes Brown
27%
Manchester United D Wes Brown
27%
Bayern Munich D Alvaro Odriozola
26%
Real Madrid A Davor Suker
26%
Chelsea FC D Emerson
26%
Liverpool FC D John Arne Riise
26%
FC Porto M Ricardo Fernandes
26%
Chelsea FC M Ruben Loftus-Cheek
26%
AC Milan D Alessandro Costacurta
25%
AC Milan D Alessandro Costacurta
25%
AC Milan D Alessandro Costacurta
25%
FC Barcelone A Bojan Krkic
25%
FC Barcelone A Bojan Krkic
25%
Chelsea FC A Callum Hudson-Odoi
25%
Inter Milan G Francesco Toldo
25%
AC Milan D Massimo Oddo
25%
Bayern Munich M Michaël Cuisance
25%
Real Madrid M Steve McManaman
25%
Real Madrid M Steve McManaman
25%
AC Milan M Yoann Gourcuff
25%
OM A Alen Boksic
24%
Ajax Amsterdam D Danny Blind
24%
Inter Milan M Dejan Stankovic
24%
Manchester United A Dwight Yorke
24%
FC Barcelone M Edmilson
24%
Real Madrid M Fernando Redondo
24%
Real Madrid M Fernando Redondo
24%
AC Milan M Fernando Redondo
24%
Bayern Munich D Holger Badstuber
24%
OM D Jean-Jacques Eydelie
24%
OM D Jocelyn Angloma
24%
Real Madrid M Marcos Llorente
24%
AC Milan M Massimo Ambrosini
24%
AC Milan M Massimo Ambrosini
24%
Liverpool FC A Milan Baros
24%
FC Porto M Tiago
24%
Liverpool FC M Adam Lallana
23%
Manchester United D David May
23%
OM M Jean-Marc Ferreri
23%
FC Porto M Pedro Mendes
23%
AC Milan G Sebastiano Rossi
23%
AC Milan D Serginho
23%
AC Milan D Serginho
23%
FC Barcelone D Thomas Vermaelen
23%
FC Porto G Vitor Baia
23%
Liverpool FC D Alberto Moreno
22%
Liverpool FC M Anthony Le Tallec
22%
OM D Bernard Casoni
22%
AC Milan A Brian Laudrup
22%
FC Porto M Carlos Alberto
22%
Bayern Munich A Claudio Pizarro
22%
Liverpool FC A Florent Sinama Pongolle
22%
Real Madrid D Ivan Helguera
22%
Real Madrid D Ivan Helguera
22%
Manchester United D Jonny Evans
22%
FC Barcelone D Juliano Belletti
22%
Chelsea FC M Oriol Romeu
22%
Liverpool FC M Antonio Nunez
21%
Bayern Munich A Giovane Elber
21%
AC Milan D Kahka Kaladze
21%
AC Milan D Kakhaber Kaladze
21%
FC Porto G Nuno Espirito Santo
21%
Juventus Turin M Paulo Sousa
21%
Borussia Dortmund M Paulo Sousa
21%
Real Madrid A Savio
21%
Real Madrid A Savio
21%
Real Madrid M Savio
21%
Real Madrid A Borja Mayoral
20%
Ajax Amsterdam M Jari Litmanen
20%
FC Barcelone D Martin Montoya
20%
Manchester United D Mickaël Sylvestre
20%
Chelsea FC M Billy Gilmour
19%
Manchester United D Denis Irwin
19%
OM M Jean-Christophe Thomas
19%
Bayern Munich D Samuel Kuffour
19%
Real Madrid G Bodo Illgner
18%
Real Madrid G Bodo Illgner
18%
Juventus Turin D Ciro Ferrara
18%
FC Porto M Costinha
18%
FC Barcelone M Gabri
18%
FC Barcelone M Ibrahim Afellay
18%
Manchester City M Maximo Perrone
18%
Ajax Amsterdam D Michael Reiziger
18%
Manchester United M Nicky Butt
18%
Bayern Munich M Owen Hargreaves
18%
Manchester United M Owen Hargreaves
18%
Real Madrid A Predrag Mijatovic
18%
Bayern Munich G Ron-Thorben Hoffmann
18%
Real Madrid M Santiago Solari
18%
AC Milan M Zvonimir Boban
18%
Inter Milan M Alessandro Mancini
17%
Borussia Dortmund M Andreas Möller
17%
Real Madrid M Flavio Conceiçao
17%
OM M Jean-Philippe Durand
17%
Bayern Munich A Paulo Sérgio
17%
FC Porto A Sergio Conceiçao
17%
Bayern Munich D Thomas Linke
17%
Real Madrid D Aitor Karanka
16%
Real Madrid D Aitor Karanka
16%
Real Madrid D Aitor Karanka
16%
AC Milan D Christian Panucci
16%
Real Madrid D Christian Panucci
16%
Inter Milan D Ivan Cordoba
16%
Bayern Munich A Joshua Zirkee
16%
FC Barcelone D Martin Caceres
16%
Liverpool FC M Vladimir Smicer
16%
Bayern Munich D Diego Contento
15%
Real Madrid D Francisco Pavon
15%
OM D Jean-Christophe Marquet
15%
Bayern Munich M Mehmet Scholl
15%
Real Madrid M Njitap Geremi
15%
Real Madrid M Njitap Geremi
15%
FC Barcelone M Aliaksandr Hleb
14%
Manchester United D Danny Simpson
14%
Real Madrid M Jaime
14%
OM D Jean-Christophe Cano
14%
Borussia Dortmund D Jürgen Kohler
14%
Real Madrid D Manolo Sanchis
14%
Real Madrid D Manolo Sanchis
14%
Chelsea FC G Ross Turnbull
14%
Real Madrid G Ruben Yanez
14%
Real Madrid G Ruben Yanez
14%
Liverpool FC D Sami Hyypiä
14%
Bayern Munich G Tom Starke
14%
AC Milan A Marco Simone
13%
AC Milan D Roque Junior
13%
AC Milan D Alessandro Orlando
12%
Manchester United M Chris Eagles
12%
FC Porto A Derlei
12%
Ajax Amsterdam G Fred Grim
12%
FC Barcelone D Giovanni van Bronckhorst
12%
Real Madrid D Ivan Campo
12%
Ajax Amsterdam A Nwankwo Kanu
12%
Borussia Dortmund M Paul Lambert
12%
Ajax Amsterdam M Rob Alflen
12%
Manchester United A Teddy Sheringham
12%
AC Milan A Alberto Gilardino
11%
AC Milan M Fernando De Napoli
11%
Ajax Amsterdam A Finidi George
11%
Liverpool FC M Harry Kewell
11%
AC Milan G Mario Ielpo
11%
Bayern Munich A Roque Santa Cruz
11%
Bayern Munich M Steffen Effenberg
11%
Liverpool FC D Steve Finnan
11%
AC Milan G Christian Abbiati
10%
Bayern Munich M Ciriaco Sforza
10%
AC Milan D Dario Simic
10%
Liverpool FC M Darren Potter
10%
FC Barcelone A Eidur Gudjohnsen
10%
AC Milan D Filippo Galli
10%
Juventus Turin A Gianluca Vialli
10%
Bayern Munich M Jens Jeremies
10%
Borussia Dortmund D Martin Kree
10%
Bayern Munich G Maximilian Riedmüller
10%
Bayern Munich M Mitchell Weiser
10%
Inter Milan G Paolo Orlandoni
10%
AC Milan D Simic
10%
Borussia Dortmund M Stefan Reuter
10%
Bayern Munich M Thorsten Fink
10%
Ajax Amsterdam D Winston Bogarde
10%
AC Milan M Angelo Carbone
9%
AC Milan M Christian Brocchi
9%
AC Milan M Cristian Brocchi
9%
Liverpool FC M Dietmar Hamann
9%
FC Porto D Evaldo
9%
Juventus Turin A Fabrizio Ravanelli
9%
Bayern Munich M Hasan Salihamidzic
9%
Liverpool FC M Igor Biscan
9%
AC Milan D Marek Jankulovski
9%
Borussia Dortmund M Michael Zorc
9%
FC Porto D Pedro Emanuel
9%
Real Madrid G Santiago Canizares
9%
Inter Milan M Sulley Muntari
9%
Ajax Amsterdam M Tarik Oulida
9%
FC Porto A Benni McCarthy
8%
AC Milan M Demetrio Albertini
8%
Liverpool FC D Josemi
8%
Juventus Turin M Luca Fusi
8%
Real Madrid D Chendo
7%
AC Milan M Dejan Savicevic
7%
Ajax Amsterdam D Mickel Kreek
7%
Borussia Dortmund A Stéphane Chapuisat
7%
Borussia Dortmund G Wolfgang de Beer
7%
Juventus Turin G Angelo Peruzzi
6%
FC Porto M Dmitriy Alenichev
6%
Borussia Dortmund A Karl-Heinz Riedle
6%
Ajax Amsterdam M Martijn Reuser
6%
Ajax Amsterdam A Peter van Vossen
6%
AC Milan M Roberto Donadoni
6%
Liverpool FC M Salif Diao
6%
Borussia Dortmund M Steffen Freund
6%
AC Milan G Zeljko Kalac
6%
Bayern Munich A Carsten Jancker
5%
AC Milan A Daniele Massaro
5%
FC Porto A Edgaras Jankauskas
5%
Juventus Turin D Gianluca Pessotto
5%
AC Milan D José Chamot
5%
Borussia Dortmund M Lars Ricken
5%
AC Milan D Mauro Tassotti
5%
Manchester United G Raimond van der Gouw
5%
FC Barcelone G Albert Jorquera
4%
FC Barcelone G Albert Jorquera
4%
Bayern Munich A Alexander Zickler
4%
OM M Dragan Stojkovic
4%
Manchester United M Jesper Blomqvist
4%
AC Milan A John Dahl Tomasson
4%
Borussia Dortmund D Jörg Heinrich
4%
AC Milan A Marco Borriello
4%
Inter Milan M McDonald Mariga
4%
Bayern Munich D Michael Tarnat
4%
FC Porto D Nuno Valente
4%
Juventus Turin D Pietro Vierchowod
4%
Manchester United D Ronny Johnsen
4%
AC Milan D Thomas Helveg
4%
Juventus Turin M Vladimir Jugovic
4%
Real Madrid G Albano Bizzarri
3%
Juventus Turin M Alessio Tacchinardi
3%
Bayern Munich M Anatoliy Tymoshchuk
3%
Juventus Turin A Attilio lombardo
3%
AC Milan A Florin Raducioiu
3%
OM A François Omam-Biyik
3%
AC Milan A Gianluigi Lentini
3%
AC Milan D Giuseppe Favalli
3%
Borussia Dortmund A Heiko Herrlich
3%
OM M Igor Dobrovolski
3%
Real Madrid M José Amavisca
3%
AC Milan D Martin Laursen
3%
Juventus Turin G Michelangelo Rampulla
3%
Juventus Turin A Michele Padovano
3%
Juventus Turin D Moreno Torricelli
3%
Real Madrid A Pedro Munitis
3%
Juventus Turin D Sergio Porrini
3%
Real Madrid M Albert Celades
2%
Juventus Turin M Angelo De Livio
2%
Liverpool FC G Chris Kirkland
2%
Inter Milan D Davide Santon
2%
Manchester United A Dong Fangzhuo
2%
Real Madrid A Elvir Baljic
2%
AC Milan G Francesco Antonioli
2%
Borussia Dortmund D Günter Kutowski
2%
Ajax Amsterdam M John van den Brom
2%
Borussia Dortmund M Knut Reinhardt
2%
FC Porto A Maciel
2%
Juventus Turin D Massimo Carrera
2%
FC Barcelone D Oleguer Presas
2%
Borussia Dortmund M René Tretschok
2%
Liverpool FC A Rhian Brewster
2%
AC Milan A Ricardo Oliveira
2%
AC Milan M Samuele Dalla Bona
2%
FC Porto D Secretario
2%
Ajax Amsterdam D Sonny Silooy
2%
AC Milan M Stefano Eranio
2%
Bayern Munich G Stefan Wessels
2%
Borussia Dortmund D Steinar Pedersen
2%
Liverpool FC D Stéphane Henchoz
2%
Manchester United G Thomas Kuszczak
2%
Borussia Dortmund D Wolfgang Feiersinger
2%
Real Madrid A Carlos Aranda
1%
Borussia Dortmund D Carsten Wolters
1%
FC Porto A César Peixoto
1%
AC Milan D Daniele Bonera
1%
Juventus Turin M Giancarlo Marocchi
1%
Liverpool FC M John Welsh
1%
Bayern Munich M Michael Wiesinger
1%
Liverpool FC A Neil Mellor
1%
FC Barcelone A Santiago Ezquerro
1%
Liverpool FC D Stephen Warnock
1%
Bayern Munich M Thomas Strunz
1%
Aucun quiz correspondant
Distribution des résultats
% des personnes avec chaque résultat
Percentile par nombre de réponses
Votre historique - résultats
Vous n’avez pas pris ce quiz depuis la dernière actualisation